000 00658cam a2200241 4500500
005 20260329005037.0
041 _afre
042 _adc
100 1 0 _aDurand, Jean-Marie
_eauthor
245 0 0 _aObsolescence des ruines
260 _c2022.
500 _a37
690 _aArchitecture
690 _aFragilité
690 _aNéant
690 _aPrécarité
690 _aRuine
690 _aTemps
690 _aVide
690 _aVieillissement
786 0 _nPhilosophie magazine | 158 | 4 | 2022-04-01 | p. 63-63 | 1951-1787
856 4 1 _uhttps://shs.cairn.info/magazine-philosophie-magazine-2022-4-page-63?lang=fr&redirect-ssocas=7080
999 _c1839735
_d1839735